The jewish war
Saved in:
| Hovedforfatter: | |
|---|---|
| Format: | Bog |
| Sprog: | engelsk |
| Udgivet: |
Harmondsworth
Penguin Book
1959
|
| Fag: | |
| Tags: |
Tilføj Tag
Ingen Tags, Vær først til at tagge denne postø!
|
MARC
| LEADER | 00000nam a2200000 a 4500 | ||
|---|---|---|---|
| 001 | UCS3357 | ||
| 003 | CL-VaPUC | ||
| 008 | 970620e19590000uk |||||||||||||||||eng|d | ||
| 082 | 0 | 4 | |a 933 |b JOS |2 21 |
| 100 | |a Josefo, Flavio |e author |9 389412 | ||
| 245 | 1 | 4 | |a The jewish war |
| 300 | |a 422 p | ||
| 942 | |c BK | ||
| 945 | |d 19970620 00:00:00 |a rleighto | ||
| 260 | |a Harmondsworth |b Penguin Book |c 1959 | ||
| 600 | 0 | 7 | |a VESPUSIANO |2 CL-VaPUC |9 389413 |
| 600 | 0 | 7 | |a TITUS |2 CL-VaPUC |9 389414 |
| 650 | 0 | |a Judíos |9 313771 | |
| 650 | 0 | |a Palestinos |9 389415 | |
| 650 | 0 | |a Guerra |9 255876 | |
| 650 | 7 | |a CALENDARIO |2 CL-VaPUC |9 389416 | |
| 650 | 0 | |a Dinero |9 314331 | |
| 650 | 7 | |a ROMANOS |2 CL-VaPUC |9 389417 | |
| 651 | 0 | |a Palestina |9 324189 | |
| 651 | 7 | |a JERUSALEM |2 CL-VaPUC |9 389418 | |
| 651 | 0 | |a Roma |9 255106 | |
| 583 | |a last modification |c 20171204 02:07:13 |k Rodrigo Vera | ||
| 999 | |c 261094 |d 261092 | ||
| 952 | |0 0 |1 0 |4 0 |6 933_000000000000000_JOS_1959 |7 0 |8 A |9 287904 |a BIBHIS |b BIBHIS |d 2019-11-19 |i 3310639 |o 933 JOS 1959 |p 3310639 |r 2025-01-20 |w 2019-11-19 |y BK |k HIS | ||